00411nam a2200145 i 450000100060000000300090000600500170001500700030003200800410003510000190007624500690009526000480016430000320021285200210024436836ES-MaACL20230906155442.0t|030219s1921 fr ||||1| fre d1 aBouvier, E. L.10aHabitudes et métaamorphoses des insectes... / cE. L. Bouvier. aParis : bFlammarion, c1921 (fHemmerlé) a322 p., 1 lám. ; c19 cm. aES-MaACLjF-6425